| 000 | 00456nam a22001457a 4500 | ||
|---|---|---|---|
| 999 |
_c18142 _d18142 |
||
| 003 | OSt | ||
| 005 | 20230822173857.0 | ||
| 008 | 230822b ||||| |||| 00| 0 eng d | ||
| 040 | _c0 | ||
| 082 | _aDPer 370.15 J826 April-May 2020 v112 no. 3-4 | ||
| 245 | _aJournal of Educational Psychology / | ||
| 260 |
_aWashington, _bAmerican Psychological Association, _cApril- May 2020. |
||
| 300 |
_avarious paging: _bcolor illustrations; _c30 cm. |
||
| 942 |
_2ddc _cPER |
||